Spotifyn kuunnelluimmat kappaleet - Statistics

Yleistilastot
  • Tätä visaa on pelattu 103 kertaa
  • Keskiarvotulos 23 / 50
Vastaustilastot
Kappale Kuuntelukerrat Artisti % Oikein
Shape of You 4,548 mrd Ed Sheeran
96%
Perfect 3,615 mrd Ed Sheeran
96%
Photograph 3,089 mrd Ed Sheeran
96%
Thinking Out Loud 2,883 mrd Ed Sheeran
96%
Starboy 4,087 mrd The Weeknd & Daft Punk
88%
Blinding Lights 5,022 mrd The Weeknd
85%
Yellow 3,277 mrd Coldplay
81%
Viva La Vida 2,958 mrd Coldplay
81%
Something Just Like This 3,331 mrd The Chainsmokers & Coldplay
81%
As It Was 4,036 mrd Harry Styles
70%
Watermelon Sugar 3,099 mrd Harry Styles
70%
Die with a Smile 2,951 mrd Lady Gaga & Bruno Mars
67%
Bohemian Rhapsody 2,906 mrd Queen
64%
Believer 3,576 mrd Imagine Dragons
59%
Thunder 2,823 mrd Imagine Dragons
59%
Demons 2,750 mrd Imagine Dragons
59%
Wake Me Up 2,850 mrd Avicii
58%
Stay 3,662 mrd The Kid Laroi & Justin Bieber
58%
Love Yourself 2,891 mrd Justin Bieber
56%
Cruel Summer 3,068 mrd Taylor Swift
56%
God's Plan 2,864 mrd Drake
55%
One Dance 3,783 mrd Drake, Wizkid & Kyla
55%
Die for You 2,941 mrd The Weeknd
55%
Birds of a Feather 3,013 mrd Billie Eilish
53%
Shallow 2,879 mrd Lady Gaga & Bradley Cooper
53%
Just the Way You Are 2,902 mrd Bruno Mars
49%
Locked out of Heaven 2,797 mrd Bruno Mars
49%
Rockstar 3,243 mrd Post Malone & 21 Savage
40%
Circles 2,939 mrd Post Malone
38%
Sunflower 3,951 mrd Post Malone & Swae Lee
38%
Every Breath You Take 2,888 mrd The Police
32%
Someone You Loved 4,049 mrd Lewis Capaldi
30%
Goosebumps 2,936 mrd Travis Scott & Kendrick Lamar
30%
Take Me to Church 3,178 mrd Hozier
29%
Can't Hold Us 3,034 mrd Macklemore & Ryan Lewis & Ray Dalton
26%
Don't Start Now 3,031 mrd Dua Lipa
23%
Señorita 3,112 mrd Shawn Mendes & Camila Cabello
23%
Closer 3,410 mrd The Chainsmokers & Halsey
23%
Lucid Dreams 2,964 mrd Juice Wrld
22%
Counting Stars 3,133 mrd OneRepublic
22%
Sweater Weather 4,016 mrd The Neighbourhood
16%
Dance Monkey 3,321 mrd Tones and I
16%
I Wanna Be Yours 3,288 mrd Arctic Monkeys
15%
All of Me 2,843 mrd John Legend
15%
Another Love 3,208 mrd Tom Odell
14%
Heat Waves 3,522 mrd Glass Animals
7%
Riptide 3,278 mrd Vance Joy
7%
Say You Won't Let Go 3,390 mrd James Arthur
3%
Lovely 3,456 mrd Billie Eilish & Khalid
0%
The Night We Met 3,268 mrd Lord Huron
0%
Ehtoja vastaavia visoja ei löytynyt
Tulosjakauma
Jokaisen tuloksen saaneiden osuus
Persentiili vastausten määrän mukaan
Tuloshistoriasi
Et ole pelannut tätä visaa